000 00634pam a2200241 a 4500
001 4241453
003 OSt
005 20240612121407.0
008 830614s1984 nyua 001 0 eng
010 _a 83012083
020 _a0070038643 :
040 _aDDC
_cMUST
082 0 0 _a519.5
100 1 _aBarnett, Raymond A.
_95185
245 1 0 _aCollege algebra with trigonometry /
250 _a3rd ed.
260 _aNew York :
_bMcGraw-Hill,
_cc1984.
300 _axv, 682, 64, 5 p. :
_bill. (some col.) ;
_c25 cm.
504 _aIncludes indexes
650 0 _aAlgebra.
_92
650 0 _aTrigonometry.
_917020
942 _2z
_cO_SHELF
999 _c8424
_d8424